| 000 | 00429nam a2200169Ia 4500 | ||
|---|---|---|---|
| 003 | LK-CoDNM | ||
| 008 | 010623t1981 xxu||||| |||| 00| 1 sin d | ||
| 040 |
_aLK-CoDNM _dLK-CoDNM _eLK-CoDNM |
||
| 041 | _asin | ||
| 080 | _a8S-1 GUN | ||
| 100 | _aGunasinghe, Siri | ||
| 245 | _aමස් ලේ නැති ඇට | ||
| 246 | _aMas Lae Nethi Aeta | ||
| 260 |
_bPradeepa _aColombo _c1981 |
||
| 300 | _b71p., 18 cm | ||
| 942 | _cBK | ||
| 999 |
_c111664 _d111664 |
||